| 000 | 00679nam a2200193 a 4500 | ||
|---|---|---|---|
| 005 | 20140414093840.0 | ||
| 008 | 071002s19uu xx 00 eng d | ||
| 050 |
_aDVD 780 _bTip |
||
| 245 |
_aTipong pinoy : _bwestern influenced Filipino music. |
||
| 260 |
_aSl : _bNCAA / Felta, _c[200?] |
||
| 300 | _a1 videodisk (27 min. 27 sec.) | ||
| 440 | _aTipong pinoy | ||
| 520 | _aA television program on the Filipinization of Spanish and American musical infuences, includes featre o the orchestra and the Filipino classical; music. | ||
| 650 | _aWestern influenced Filipino music. | ||
| 650 | _aFilipino music. | ||
| 650 | _aTipong pinoy. | ||
| 942 | _cAVM | ||
| 999 |
_c109262 _d109262 |
||